00753nam a2200217 a 4500008004100000020003200041040002500073041001300098044001100111080001200122100002400134245005700158250001300215260010100228300002700329500003300356700002700389958000600416999001700422952009600439951212s1980||||[C 0 slo c c14 Kčs. q(12000 výtl.) aSNKbslocSNKeAACR21 aslohslo axocSK a885.4-31 aLenčo, Ján4aut10aKleopatrin mileneccJán Lenčo ; Štefan Schmidt a1., vyd. aKošicebVýchodoslovenské vydavateľstvoc1980eKošicefVýchodoslovenské tlačiarne a127 s., 6,45 AHc20 cm aRozlož. ilustr. tit. list.1 aSchmidt, Štefan4bkd aA c11997d11997 001040708Ka10000b10000d2019-11-29g14.00i11301oB 5436r2019-11-29w2019-11-29yKLDO